TEXTBOOK OF ADVANCED NURSING PRACTICE (Record no. 83622)

MARC details
000 -LEADER
fixed length control field 00584nam a22002057a 4500
005 - DATE AND TIME OF LATEST TRANSACTION
control field 20230603123351.0
008 - FIXED-LENGTH DATA ELEMENTS--GENERAL INFORMATION
fixed length control field 221203b |||||||| |||| 00| 0 eng d
020 ## - INTERNATIONAL STANDARD BOOK NUMBER
International Standard Book Number 9789351522010
041 ## - LANGUAGE CODE
Language code of text/sound track or separate title eng.
082 ## - DEWEY DECIMAL CLASSIFICATION NUMBER
Edition number 1ST ED.
Classification number 610.73
Item number KAU
100 ## - MAIN ENTRY--PERSONAL NAME
Author NAVDEEP KAUR BRAR
110 ## - MAIN ENTRY--CORPORATE NAME
Corporate name or jurisdiction name as entry element HC RAWAT
245 ## - TITLE STATEMENT
Title TEXTBOOK OF ADVANCED NURSING PRACTICE
Remainder of title AS PER SYLLABUS OF INC FOR MSC STUDENTS
250 ## - EDITION STATEMENT
Edition statement 1ST ED.
260 ## - PUBLICATION, DISTRIBUTION, ETC.
Place of publication, distribution, etc. NEW DELHI
Name of publisher, distributor, etc. JAYPEE PUBLICATION
Date of publication, distribution, etc. 2015
300 ## - PHYSICAL DESCRIPTION
Extent 1107 PG.
365 ## - TRADE PRICE
Price amount 1104
Currency code RS
650 ## - SUBJECT ADDED ENTRY--TOPICAL TERM
Topical term or geographic name entry element NURSING FOUNDATION
942 ## - ADDED ENTRY ELEMENTS (KOHA)
Koha item type Donated Book
Holdings
Withdrawn status Lost status Source of classification or shelving scheme Damaged status Not for loan Home library Current library Date acquired Vendor Net Price Total Checkouts Full call number Barcode Date last seen Date last checked out Actual Price Bill Date Koha item type Original Barcode
    Dewey Decimal Classification     Sitabai Nargundkar College of Nursing Nagpur Sitabai Nargundkar College of Nursing Nagpur 24/11/2022 Donated by Jaypee Medical Publisher, Nagpur 1084.00 2 610.73 KAU SNCN-DB-99 01/12/2025 04/11/2025 1084.00 03/12/2022 Donated Book 99
    Dewey Decimal Classification     Sitabai Nargundkar College of Nursing Nagpur Sitabai Nargundkar College of Nursing Nagpur 01/07/2023 102 934.38   610.73/BRA SNCN-BK-3270 01/07/2023   1495.00 01/07/2023 Books 3270